000 01192nam a22001817a 4500
999 _c11822
_d11822
008 190108b ||||| |||| 00| 0 eng d
020 _a9788183765831
082 _22018
_aDC 613.71
_bR639
100 _aRokade, P.R.
_932906
245 _aPhilosophical, sociological foundations of physical education/
_cP.R. Rokade
260 _aJaipur:
_bABD Publishers,
_c©2018
300 _aviii, 312 pages:
_billustrations;
_c23 cm.
500 _aIncludes bibliographical references and index.
520 _aCONTENTS: • Preface • Philosophical Foundations • Sociological Foundations • Integration of Physical Education with other Faculties • Nature of Physical Education System • Physical Education in India During 20th Century • Historical Development of Ancient OIympic Games and Modern Olympic Games • Principles of Physical Education • Sociological Principles of Physical Education • Classification of Children • Recent Development of Physical Education • Sports and Game Organization in India • Role of Associations and Sports Bodies • Bibliography • Index
650 _aPhysical education
_933665
365 _b5,320.00
_cPhp
942 _2ddc
_cDC